<?xml version="1.0" encoding="UTF-8"?>
<record
    xmlns:xsi="http://www.w3.org/2001/XMLSchema-instance"
    xsi:schemaLocation="http://www.loc.gov/MARC21/slim http://www.loc.gov/standards/marcxml/schema/MARC21slim.xsd"
    xmlns="http://www.loc.gov/MARC21/slim">

  <leader>00236nam a22000977a 4500</leader>
  <controlfield tag="003">SGT</controlfield>
  <datafield tag="245" ind1=" " ind2=" ">
    <subfield code="a">The Journal of Clinical Pediatric Dentistry </subfield>
  </datafield>
  <datafield tag="260" ind1=" " ind2=" ">
    <subfield code="c">2013-2016,2018-2020</subfield>
  </datafield>
  <datafield tag="300" ind1=" " ind2=" ">
    <subfield code="a">486,450,490,530,510,400,410</subfield>
  </datafield>
  <datafield tag="942" ind1=" " ind2=" ">
    <subfield code="2">ddc</subfield>
    <subfield code="c">BV</subfield>
  </datafield>
  <datafield tag="952" ind1=" " ind2=" ">
    <subfield code="0">0</subfield>
    <subfield code="1">0</subfield>
    <subfield code="2">ddc</subfield>
    <subfield code="4">0</subfield>
    <subfield code="5">1</subfield>
    <subfield code="7">1</subfield>
    <subfield code="a">FD</subfield>
    <subfield code="b">FD</subfield>
    <subfield code="d">2025-03-07</subfield>
    <subfield code="h">Vol.44</subfield>
    <subfield code="i">SGTU</subfield>
    <subfield code="p">PD1152</subfield>
    <subfield code="r">2025-03-07 00:00:00</subfield>
    <subfield code="w">2025-03-07</subfield>
    <subfield code="y">BV</subfield>
  </datafield>
  <datafield tag="952" ind1=" " ind2=" ">
    <subfield code="0">0</subfield>
    <subfield code="1">0</subfield>
    <subfield code="2">ddc</subfield>
    <subfield code="4">0</subfield>
    <subfield code="5">1</subfield>
    <subfield code="7">1</subfield>
    <subfield code="a">FD</subfield>
    <subfield code="b">FD</subfield>
    <subfield code="d">2025-03-07</subfield>
    <subfield code="h">Vol.43</subfield>
    <subfield code="i">SGTU</subfield>
    <subfield code="p">PD1153</subfield>
    <subfield code="r">2025-03-07 00:00:00</subfield>
    <subfield code="w">2025-03-07</subfield>
    <subfield code="y">BV</subfield>
  </datafield>
  <datafield tag="952" ind1=" " ind2=" ">
    <subfield code="0">0</subfield>
    <subfield code="1">0</subfield>
    <subfield code="2">ddc</subfield>
    <subfield code="4">0</subfield>
    <subfield code="5">1</subfield>
    <subfield code="7">1</subfield>
    <subfield code="a">FD</subfield>
    <subfield code="b">FD</subfield>
    <subfield code="d">2025-03-07</subfield>
    <subfield code="h">Vol.42</subfield>
    <subfield code="i">SGTU</subfield>
    <subfield code="p">PD1154</subfield>
    <subfield code="r">2025-03-07 00:00:00</subfield>
    <subfield code="w">2025-03-07</subfield>
    <subfield code="y">BV</subfield>
  </datafield>
  <datafield tag="952" ind1=" " ind2=" ">
    <subfield code="0">0</subfield>
    <subfield code="1">0</subfield>
    <subfield code="2">ddc</subfield>
    <subfield code="4">0</subfield>
    <subfield code="5">1</subfield>
    <subfield code="7">1</subfield>
    <subfield code="a">FD</subfield>
    <subfield code="b">FD</subfield>
    <subfield code="d">2025-03-07</subfield>
    <subfield code="h">Vol.40</subfield>
    <subfield code="i">SGTU</subfield>
    <subfield code="p">PD1155</subfield>
    <subfield code="r">2025-03-07 00:00:00</subfield>
    <subfield code="w">2025-03-07</subfield>
    <subfield code="y">BV</subfield>
  </datafield>
  <datafield tag="952" ind1=" " ind2=" ">
    <subfield code="0">0</subfield>
    <subfield code="1">0</subfield>
    <subfield code="2">ddc</subfield>
    <subfield code="4">0</subfield>
    <subfield code="5">1</subfield>
    <subfield code="7">1</subfield>
    <subfield code="a">FD</subfield>
    <subfield code="b">FD</subfield>
    <subfield code="d">2025-03-07</subfield>
    <subfield code="h">Vol.39</subfield>
    <subfield code="i">SGTU</subfield>
    <subfield code="p">PD1156</subfield>
    <subfield code="r">2025-03-07 00:00:00</subfield>
    <subfield code="w">2025-03-07</subfield>
    <subfield code="y">BV</subfield>
  </datafield>
  <datafield tag="952" ind1=" " ind2=" ">
    <subfield code="0">0</subfield>
    <subfield code="1">0</subfield>
    <subfield code="2">ddc</subfield>
    <subfield code="4">0</subfield>
    <subfield code="5">1</subfield>
    <subfield code="7">1</subfield>
    <subfield code="a">FD</subfield>
    <subfield code="b">FD</subfield>
    <subfield code="d">2025-03-07</subfield>
    <subfield code="h">Vol.38</subfield>
    <subfield code="i">SGTU</subfield>
    <subfield code="p">PD1157</subfield>
    <subfield code="r">2025-03-07 00:00:00</subfield>
    <subfield code="w">2025-03-07</subfield>
    <subfield code="y">BV</subfield>
  </datafield>
  <datafield tag="952" ind1=" " ind2=" ">
    <subfield code="0">0</subfield>
    <subfield code="1">0</subfield>
    <subfield code="2">ddc</subfield>
    <subfield code="4">0</subfield>
    <subfield code="5">1</subfield>
    <subfield code="7">1</subfield>
    <subfield code="a">FD</subfield>
    <subfield code="b">FD</subfield>
    <subfield code="d">2025-03-07</subfield>
    <subfield code="h">Vol.37</subfield>
    <subfield code="i">SGTU</subfield>
    <subfield code="p">PD1158</subfield>
    <subfield code="r">2025-03-07 00:00:00</subfield>
    <subfield code="w">2025-03-07</subfield>
    <subfield code="y">BV</subfield>
  </datafield>
  <datafield tag="999" ind1=" " ind2=" ">
    <subfield code="c">30233</subfield>
    <subfield code="d">30233</subfield>
  </datafield>
</record>
